000 00248nam a2200097Ia 4500
001 986489
005 20250826221102.0
008 250824s9999 xx 000 0 und d
245 0 _aBİSİKLETLİ TAKİP
_cARTHUR CONAN DOYLE
260 _bDOKUZ YAYINCILIK
999 _c986489
_d986489